Law and institutions of the European Communities / (Record no. 154929)

MARC details
000 -LEADER
fixed length control field 00986nam a2200277 a 4500
008 - FIXED-LENGTH DATA ELEMENTS--GENERAL INFORMATION
fixed length control field
020 ## - INTERNATIONAL STANDARD BOOK NUMBER
International Standard Book Number 0406609314 (pbk.)
049 ## - LOCAL HOLDINGS (OCLC)
Holding library MAIN
090 00 - LOCALLY ASSIGNED LC-TYPE CALL NUMBER (OCLC); LOCAL CALL NUMBER (RLIN)
Classification number (OCLC) (R) ; Classification number, CALL (RLIN) (NR) KJE947
003 - CONTROL NUMBER IDENTIFIER
control field
005 - DATE AND TIME OF LATEST TRANSACTION
control field 20230123133814.0
040 ## - CATALOGING SOURCE
Transcribing agency NUST
100 1# - MAIN ENTRY--PERSONAL NAME
Personal name Lasok, Dominik.
245 10 - TITLE STATEMENT
Title Law and institutions of the European Communities /
Statement of responsibility, etc. D. Lasok, J.W. Bridge.
250 ## - EDITION STATEMENT
Edition statement 5th ed.
260 ## - PUBLICATION, DISTRIBUTION, ETC.
Place of publication, distribution, etc. London :
Name of publisher, distributor, etc. Butterworths,
Date of publication, distribution, etc. 1991.
300 ## - PHYSICAL DESCRIPTION
Extent lxxxix, 591 p. ;
Dimensions 22 cm.
500 ## - GENERAL NOTE
General note Rev. ed. of: An introduction to the law and institutions of the European Communities. 3rd ed. 1982.
504 ## - BIBLIOGRAPHY, ETC. NOTE
Bibliography, etc. note Includes bibliographical references: p. 557-572.
500 ## - GENERAL NOTE
General note Includes index.
650 #0 - SUBJECT ADDED ENTRY--TOPICAL TERM
Topical term or geographic name entry element Law
Geographic subdivision European Economic Community countries.
700 1# - ADDED ENTRY--PERSONAL NAME
Personal name Bridge, John William.
700 1# - ADDED ENTRY--PERSONAL NAME
Personal name Lasok, Dominik.
Title of a work Introduction to the law and institutions of the European Communities.
907 ## - LOCAL DATA ELEMENT G, LDG (RLIN)
a .b10134104
b 06-09-04
c 26-08-04
942 ## - ADDED ENTRY ELEMENTS (KOHA)
Koha item type Ordinary Loan Books
Call number prefix KJE947
Holdings
Date last seen Total Checkouts Full call number Barcode Cost, replacement price Price effective from Koha item type Lost status Source of classification or shelving scheme Damaged status Not for loan Collection Withdrawn status Home library Current library Shelving location Date acquired Cost, normal purchase price
01/23/2023 4 KJE947 LAW 92003007915 80.00 01/23/2023 BOOKS   LCC     NFIC   MAIN MAIN GEN 01/23/2023 80.00